Missing Word: Movie Words Ending in 'W' Quiz Stats

 Plays Quiz Updated Jun 17, 2017

Challenge
Share
Tweet
Embed
Score 0/24 Timer 04:00
0 Plays Today
Hint Missing Word % Correct
____ to Lose a Guy in 10 DaysHow
97.8%
I ____ What You Did Last SummerKnow
97.3%
One ____ Over the Cuckoo's NestFlew
97%
A ____ Good MenFew
97%
A Room with a ____View
96%
The Texas ____ MassacreChainsaw
95.8%
____ Abiding CitizenLaw
94.5%
____ White and the HuntsmanSnow
94.4%
Sleepy ____Hollow
94.3%
She Wore a ____ RibbonYellow
90.9%
Rear ____Window
90.4%
____ with the VampireInterview
85.6%
Hint Missing Word % Correct
Apocalypse ____Now
84.7%
Quiz ____Show
84.5%
____ Momma from the TrainThrow
84.1%
____ HalShallow
81.5%
Broken ____Arrow
74.7%
Edge of ____Tomorrow
74%
The ____ Josey WalesOutlaw
72.7%
____ TalkPillow
69.4%
____ RidgeHacksaw
50.9%
The ____ WorldNew
48.8%
____ DogsStraw
41.3%
Eight ____Below
35.9%

Today's Daily Dose

You're not logged in!

Compare scores with friends on all Sporcle quizzes.
OR
Log In

You Might Also Like...

Show Comments

Extras

Top Quizzes Today


Score Distribution

Your Account Isn't Verified!

In order to create a playlist on Sporcle, you need to verify the email address you used during registration. Go to your Sporcle Settings to finish the process.

Report this User

Report this user for behavior that violates our Community Guidelines.

Details: